[Event "Moscow Open A 2015"]
[Site "Moscow RUS"]
[Date "2015.02.04"]
[Round "5.44"]
[White "Sanzhaev, Darsen"]
[Black "Barsov, Alexei"]
[Result "1/2-1/2"]
[WhiteTitle "FM"]
[BlackTitle "GM"]
[WhiteElo "2357"]
[BlackElo "2455"]
[WhiteFideId "24120030"]
[BlackFideId "14200082"]
[EventDate "2015.01.31"]

1. d4 d5 2. c4 e6 3. Nc3 Be7 4. Nf3 Nf6 5. Bf4 O-O 6. e3 c5 7. dxc5 Bxc5 8. Qc2
Nc6 9. Rd1 Bb4 10. Be2 Qa5 11. O-O Bxc3 12. bxc3 dxc4 13. Bxc4 b6 14. Bd6 Rd8
15. Be7 Re8 16. Bxf6 gxf6 17. Qe4 Qc5 18. Bd3 f5 19. Qh4 Qe7 20. Qg3+ Kh8 21.
Bb5 Rg8 22. Qd6 Qxd6 23. Rxd6 Ne7 24. Ne5 Kg7 25. Rfd1 Rb8 26. c4 Rb7 27. f4 Rc7
28. R1d4 Ng6 29. Rc6 Re7 30. Nxg6 hxg6 31. Rcd6 Rc7 32. Rc6 Re7 33. Rcd6 Rc7 34.
Kf2 Kf6 35. Rc6 Rxc6 36. Bxc6 Ke7 37. h4 Rd8 38. Rxd8 Kxd8 39. Ke2 Bd7 40. Bf3
Ke7 41. e4 fxe4 1/2-1/2

[Event "Moscow Open A 2015"]
[Site "Moscow RUS"]
[Date "2015.02.04"]
[Round "5.45"]
[White "Bublei, Pavel"]
[Black "Krapivin, Alexander"]
[Result "1/2-1/2"]
[WhiteTitle "FM"]
[BlackTitle "GM"]
[WhiteElo "2354"]
[BlackElo "2443"]
[WhiteFideId "24112593"]
[BlackFideId "4154720"]
[EventDate "2015.01.31"]

1. d4 Nf6 2. Nf3 e6 3. c4 Be7 4. Nc3 O-O 5. Bf4 b6 6. e3 Bb7 7. Bd3 d6 8. h3
Nbd7 9. O-O Re8 10. e4 e5 11. dxe5 dxe5 12. Bg5 Nh5 13. Bxe7 Qxe7 14. Re1 c6 15.
Bf1 Nf4 16. Qd2 Rad8 17. Rad1 Ne6 18. Qe3 c5 19. Nd5 Qf8 20. Qa3 Bc6 21. Bd3 Nd4
22. Nxd4 cxd4 23. Qxf8+ Nxf8 24. b4 Ne6 25. g3 Rd7 26. f4 f6 27. Kf2 Rb8 28. f5
Ng5 29. h4 Nf7 30. Rc1 Nd6 31. a4 Rc8 32. b5 Ba8 33. a5 bxa5 34. Ke2 Kf8 35. g4
Rc5 36. g5 Bxd5 37. cxd5 Rdc7 38. Rxc5 Rxc5 39. Rb1 Rc7 40. Ra1 Nb7 41. Rb1 Nc5
42. g6 hxg6 43. Rc1 Ke7 44. fxg6 Kd6 45. Ra1 Nb3 46. Rf1 Rc3 47. h5 Nc1+ 48. Kd2
Rxd3+ 49. Kxc1 Rg3 50. Kd2 Rg5 51. Ra1 f5 52. exf5 Rxf5 53. Rxa5 Rxh5 54. Rxa7
e4 55. b6 Rh2+ 56. Kc1 Rh1+ 57. Kc2 Rh2+ 58. Kc1 Rh1+ 59. Kc2 d3+ 60. Kd2 Rh2+
61. Ke3 Re2+ 62. Kf4 Rb2 63. Kxe4 d2 64. Ra1 Rxb6 65. Rd1 Rb2 66. Kd4 Rb5 67.
Rxd2 1/2-1/2

[Event "Moscow Open A 2015"]
[Site "Moscow RUS"]
[Date "2015.02.04"]
[Round "5.46"]
[White "Konovalov, Nikolay"]
[Black "Kardashevskiy, Evgeny"]
[Result "1-0"]
[WhiteTitle "IM"]
[WhiteElo "2442"]
[BlackElo "2236"]
[WhiteFideId "4170962"]
[BlackFideId "24108138"]
[EventDate "2015.01.31"]

1. d4 Nf6 2. Nf3 g6 3. Bf4 Bg7 4. e3 O-O 5. Be2 d5 6. O-O Nbd7 7. Nbd2 c5 8. c3
Re8 9. Ne5 Nxe5 10. Bxe5 Nd7 11. Bxg7 Kxg7 12. Qb3 e6 13. Bb5 Re7 14. Bxd7 c4
15. Qb4 Bxd7 16. e4 Bc6 17. exd5 Bxd5 18. Nxc4 Bxc4 19. Qxc4 Qd5 20. Qxd5 exd5
21. Rfe1 Kf6 22. Kf1 Rc8 23. Rxe7 Kxe7 24. Re1+ Kd6 25. Ke2 Re8+ 26. Kd2 Rc8 27.
g4 Rh8 28. Re3 h6 29. Rh3 f6 30. f4 Ke6 31. Kd3 f5 32. Re3+ Kf6 33. Re5 fxg4 34.
Rxd5 h5 35. Ke3 Rh7 36. Re5 Re7 37. Ke4 h4 38. Ke3 Rh7 39. Kf2 Re7 40. Rg5 g3+
41. hxg3 hxg3+ 42. Rxg3 Kf5 43. Re3 Rh7 44. Kg3 Rh1 45. Re7 Rg1+ 46. Kf3 Rf1+
47. Ke2 Rh1 48. Rxb7 Kxf4 49. Kd3 g5 50. Rf7+ Kg4 51. d5 Rh2 52. d6 Rxb2 53. d7
Rb1 54. Kc2 Rb8 55. c4 1-0

[Event "Moscow Open A 2015"]
[Site "Moscow RUS"]
[Date "2015.02.04"]
[Round "5.47"]
[White "Natacheev, Peter"]
[Black "Kukhmazov, Arsen"]
[Result "1/2-1/2"]
[WhiteTitle "FM"]
[BlackTitle "FM"]
[WhiteElo "2308"]
[BlackElo "2434"]
[WhiteFideId "4191854"]
[BlackFideId "24108260"]
[EventDate "2015.01.31"]

1. e4 c6 2. d4 d5 3. Nc3 dxe4 4. Nxe4 Bf5 5. Ng3 Bg6 6. Nf3 e6 7. Be2 Nf6 8. O-O
Bd6 9. Re1 O-O 10. Nh4 Qc7 11. Nxg6 hxg6 12. c3 Nbd7 13. Qc2 Rfe8 14. Bg5 e5 15.
Bc4 Kf8 16. Ne4 exd4 17. Nxd6 Qxd6 18. Qd3 c5 19. cxd4 Qxd4 20. Qxd4 cxd4 21.
Red1 Nb6 22. Rxd4 Nxc4 23. Rxc4 Re2 24. Rb4 b6 25. Kf1 Rc2 26. Rd1 Re8 27. Be3
Re4 28. Rxe4 Nxe4 29. f3 Nf6 30. Rd2 Rxd2 31. Bxd2 Nd5 32. Ke2 Ke7 33. Kd3 Kd6
34. Kd4 f6 35. b3 g5 36. g3 g6 37. Bc1 Ke6 38. Ba3 Nc7 39. Bf8 Kd7 40. Bb4 Ne6+
41. Kc4 Nc7 42. a4 Kc6 43. Bc3 Nd5 44. Bd4 a6 45. Kd3 Kd6 46. Bb2 Ke6 47. Kd4
Nb4 48. Bc3 Nd5 49. Be1 Kd6 50. Bd2 Nc7 51. Bb4+ Kc6 52. Kc4 b5+ 53. axb5+ axb5+
54. Kd3 Ne6 55. Be7 f5 56. h3 Kd5 57. Bf6 Nc5+ 58. Kc2 g4 59. hxg4 fxg4 60. fxg4
Ne4 61. Be7 Nxg3 62. Kc3 Ne4+ 63. Kb4 Kc6 64. Ka5 Nd2 65. Kb4 Ne4 66. Ka5 1/2-1/2

[Event "Moscow Open A 2015"]
[Site "Moscow RUS"]
[Date "2015.02.04"]
[Round "5.48"]
[White "Afanasiev, Nikita"]
[Black "Asgarizadeh, Ahmad"]
[Result "0-1"]
[WhiteTitle "FM"]
[WhiteElo "2264"]
[BlackElo "2424"]
[WhiteFideId "24183555"]
[BlackFideId "12505684"]
[EventDate "2015.01.31"]

1. g3 d5 2. Nf3 c6 3. Bg2 Bg4 4. h3 Bh5 5. d3 Nd7 6. Nbd2 e6 7. O-O Bd6 8. Qe1
Ne7 9. e4 O-O 10. Nh2 e5 11. f4 exf4 12. gxf4 f6 13. Kh1 Qc7 14. Nb3 Bf7 15. Nd4
Rae8 16. Be3 Nc5 17. Rd1 dxe4 18. dxe4 Nc8 19. e5 fxe5 20. Nf5 exf4 21. Qc3 Be5
22. Bxf4 Bg6 23. Qc4+ Ne6 24. Bxe5 Qxe5 25. Nh4 Rxf1+ 26. Rxf1 Nd6 27. Qb3 Bf7
28. Ng4 Nc5 29. Qb4 Qh5 30. Qf4 Nce4 31. Bxe4 Nxe4 32. Nf5 Qxf5 33. Qxf5 Ng3+
34. Kg2 Nxf5 35. Rxf5 Be6 36. Rf2 h5 37. Nh2 Bd5+ 38. Kg3 g5 39. Rf5 Re3+ 40.
Kf2 Rxh3 41. Rxg5+ Kf7 42. Nf1 Kf6 43. Rg1 Rh4 44. a3 a5 45. Nd2 Rh2+ 46. Ke3
Rh3+ 47. Kd4 Rh4+ 48. Ke3 Kf5 49. Rf1+ Ke6 50. Re1 b5 51. Re2 Kf5 52. Rf2+ Ke5
53. Rf8 Rh3+ 54. Kf2 h4 55. Nf1 a4 56. Re8+ Kd4 57. Rf8 Be4 58. Rd8+ Kc5 59. Re8
Bxc2 60. Ne3 Rh2+ 61. Kf3 Bb3 62. Ke4 Rxb2 63. Re5+ Kb6 64. Kd4 h3 65. Rh5 h2
66. Ng4 Rd2+ 67. Ke3 Ra2 68. Rxh2 Rxa3 0-1

[Event "Moscow Open A 2015"]
[Site "Moscow RUS"]
[Date "2015.02.04"]
[Round "5.49"]
[White "Sattarov, Bobir"]
[Black "Duzhakov, Ilya"]
[Result "1-0"]
[BlackTitle "FM"]
[WhiteElo "2243"]
[BlackElo "2420"]
[WhiteFideId "14203081"]
[BlackFideId "4192516"]
[EventDate "2015.01.31"]

1. Nf3 Nf6 2. g3 d5 3. Bg2 g6 4. O-O Bg7 5. d3 O-O 6. Nbd2 c5 7. e4 e6 8. Re1
Nc6 9. Qe2 a5 10. Nf1 dxe4 11. dxe4 b6 12. e5 Nd7 13. Bf4 Ba6 14. Qe4 Rc8 15.
Ne3 c4 16. Bg5 Qc7 17. Ng4 Nb4 18. Nf6+ Nxf6 19. exf6 Bh8 20. Ne5 Rfe8 21. a3
Nd5 22. Qh4 h6 23. Qxh6 Nxf6 24. Qxh8+ Kxh8 25. Bxf6+ Kh7 26. Re4 g5 27. Rg4 Rg8
28. Be4+ Kh6 29. f4 1-0

[Event "Moscow Open A 2015"]
[Site "Moscow RUS"]
[Date "2015.02.04"]
[Round "5.50"]
[White "Alikulov, Elbek"]
[Black "Drygalov, Andrey"]
[Result "1/2-1/2"]
[WhiteTitle "FM"]
[WhiteElo "2418"]
[BlackElo "2162"]
[WhiteFideId "14203308"]
[BlackFideId "24171735"]
[EventDate "2015.01.31"]

1. e4 c5 2. Nf3 e6 3. d4 cxd4 4. Nxd4 a6 5. Bd3 Nf6 6. O-O Qc7 7. Qe2 d6 8. b3
g6 9. Bb2 Bg7 10. c4 O-O 11. Nd2 e5 12. Nc2 Nh5 13. g3 Bh3 14. Rfd1 Nc6 15. Ne3
Be6 16. Nf3 f6 17. Rac1 Bh6 18. Bb1 Rad8 19. Ba3 Ng7 20. b4 a5 21. b5 Ne7 22. c5
d5 23. exd5 Nxd5 24. c6 Nxe3 25. fxe3 Rfe8 26. Be4 Rxd1+ 27. Rxd1 f5 28. Bd5
Bxd5 29. Rxd5 bxc6 30. Rc5 Qb6 31. bxc6 Ne6 32. Rxe5 Qxc6 33. Rxa5 f4 34. Qb5
Qxb5 35. Rxb5 fxe3 36. Re5 Ra8 37. Bc1 Rxa2 38. Bxe3 Bxe3+ 39. Rxe3 Ra6 40. Kg2
Kg7 41. Rc3 Kf6 42. Rc2 Ng5 43. Nd2 Ne6 44. Ne4+ Kf5 45. Nf2 Ra3 46. Rb2 Ra7 1/2-1/2

[Event "Moscow Open A 2015"]
[Site "Moscow RUS"]
[Date "2015.02.04"]
[Round "5.51"]
[White "Sychev, Klementy"]
[Black "Parvanyan, Ashot"]
[Result "1-0"]
[WhiteTitle "IM"]
[WhiteElo "2414"]
[BlackElo "2053"]
[WhiteFideId "4114060"]
[BlackFideId "13307550"]
[EventDate "2015.01.31"]

1. d4 d5 2. c4 c6 3. Nf3 Nf6 4. Nc3 a6 5. c5 Bf5 6. Bf4 Nbd7 7. h3 e6 8. e3 Be7
9. Nd2 Bg6 10. Be2 O-O 11. O-O Re8 12. Bh2 Qc8 13. b4 Bd8 14. f4 Ne4 15. Ndxe4
Bxe4 16. g4 b6 17. Nxe4 dxe4 18. g5 a5 19. a3 f5 20. Qd2 axb4 21. axb4 b5 22.
Qb2 Bc7 23. Rxa8 Qxa8 24. Ra1 Qb7 25. Qa2 Kf7 26. Bh5+ g6 27. Bd1 Ke7 28. h4 Nf8
29. Bg3 Kd7 30. Be1 Rd8 31. Bc3 Re8 32. Bb3 Rd8 33. Kf1 Re8 34. Ke1 Rd8 35. Kd1
Re8 36. Kc2 Rd8 37. h5 Re8 38. hxg6 hxg6 39. Rh1 Re7 40. Rh8 Qc8 41. Bxe6+ Nxe6
42. d5 cxd5 43. Qxd5+ 1-0

[Event "Moscow Open A 2015"]
[Site "Moscow RUS"]
[Date "2015.02.04"]
[Round "5.52"]
[White "Fakhrutdinov, Timur"]
[Black "Badmatsyrenov, Oleg"]
[Result "0-1"]
[WhiteTitle "FM"]
[BlackTitle "IM"]
[WhiteElo "2352"]
[BlackElo "2481"]
[WhiteFideId "24176702"]
[BlackFideId "24115762"]
[EventDate "2015.01.31"]

1. e4 c5 2. Nf3 e6 3. d4 cxd4 4. Nxd4 a6 5. Nc3 b5 6. Bd3 Qb6 7. Nf3 Qc7 8. O-O
Bb7 9. Re1 Bc5 10. e5 f5 11. exf6 Nxf6 12. Ne4 Bxe4 13. Bxe4 Nc6 14. Bxc6 Qxc6
15. Ne5 Qb7 16. Nd3 Bb6 17. Bf4 O-O 18. Qe2 Rac8 19. Bd6 Rfe8 20. Be5 Rc4 21.
Bxf6 gxf6 22. c3 Re7 23. Kh1 Rh4 24. f4 Rg7 25. Qe4 Qxe4 26. Rxe4 Rg3 27. Rd1
Kf7 28. h3 d5 29. Re2 Re3 30. Rxe3 Bxe3 31. Kh2 Bxf4+ 32. g3 Bd6 33. Kg2 Rc4 34.
g4 a5 35. a3 e5 36. Rf1 Ke6 37. Rf5 d4 38. cxd4 Rxd4 39. Ne1 Rd1 40. Nf3 Rb1 41.
b4 axb4 42. axb4 h6 43. Rh5 Bf8 44. Nh4 Rxb4 45. Nf5 Ra4 46. Kf3 b4 47. Ne3 b3
48. Nd1 Rc4 0-1

[Event "Moscow Open A 2015"]
[Site "Moscow RUS"]
[Date "2015.02.04"]
[Round "5.53"]
[White "Mokshanov, Alexey"]
[Black "Yanchenko, Roman"]
[Result "1-0"]
[WhiteTitle "IM"]
[BlackTitle "FM"]
[WhiteElo "2460"]
[BlackElo "2345"]
[WhiteFideId "24121657"]
[BlackFideId "4137329"]
[EventDate "2015.01.31"]

1. e4 d5 2. exd5 Qxd5 3. Nc3 Qa5 4. Bc4 Nf6 5. d3 c6 6. Bd2 Qc7 7. Nge2 Bf5 8.
O-O e6 9. Ng3 Bg6 10. f4 Bc5+ 11. Kh1 O-O 12. Nce4 Be7 13. f5 exf5 14. Nxf5 Bxf5
15. Rxf5 Nbd7 16. Qf3 Rae8 17. Rf1 Bd8 18. Bf4 Qb6 19. Bb3 Nxe4 20. dxe4 Nf6 21.
Bd6 Be7 22. Bxe7 Rxe7 23. Rxf6 gxf6 24. Qxf6 Qd8 25. e5 Rd7 26. Qf5 Kg7 27. c3
Rd2 28. Bxf7 Qh4 29. h3 Re2 30. Rf4 Qh6 31. Rg4+ Kh8 32. e6 Re3 33. Rg5 Re1+ 34.
Kh2 Re2 35. Qc5 Re4 36. Qf5 Re2 37. Qf4 c5 38. Qg4 1-0

[Event "Moscow Open A 2015"]
[Site "Moscow RUS"]
[Date "2015.02.04"]
[Round "5.54"]
[White "Gerasimov, Ivan"]
[Black "Munguntuul, Batkhuyag"]
[Result "1/2-1/2"]
[WhiteTitle "FM"]
[BlackTitle "IM"]
[WhiteElo "2327"]
[BlackElo "2433"]
[WhiteFideId "4196562"]
[BlackFideId "4900758"]
[EventDate "2015.01.31"]

1. d4 d5 2. c4 e6 3. Nc3 h6 4. Bf4 Nf6 5. e3 Be7 6. Nf3 O-O 7. Be2 a6 8. c5 Nbd7
9. O-O Ne4 10. Nxe4 dxe4 11. Nd2 e5 12. dxe5 Nxc5 13. Qc2 Bf5 14. Rfd1 Qc8 15.
b4 Nd3 16. Nxe4 Nxb4 17. Qb1 Qe6 18. Bf3 Rad8 19. a3 Rxd1+ 20. Qxd1 Rd8 21. Qc1
Nd5 22. Bg3 Bg6 23. h3 b5 24. Nc5 Qb6 25. e4 Nc3 26. Nxa6 Nxe4 27. Qxc7 Qxc7 28.
Nxc7 Nxg3 29. fxg3 Bd3 30. Rd1 Bc4 31. Nd5 Bc5+ 32. Kh2 Kf8 33. Nb4 Rxd1 34.
Bxd1 Bd4 35. a4 Bc3 36. Nc6 b4 37. Na5 Be6 38. Nb3 Bxe5 39. a5 Bc4 40. Nc5 Bd4
41. Nb3 Be5 42. Nd2 Ba6 43. Bb3 Ke7 44. h4 h5 45. Nf3 Bd6 46. Ng5 f5 47. Ne6 Kf6
48. Nf4 g5 49. hxg5+ Kxg5 50. Ne6+ Kf6 51. Kh3 Ke5 52. Kh4 Be2 53. Kg5 Be7+ 54.
Kg6 h4 55. gxh4 Bxh4 56. Ng5 Bf2 57. Nf3+ Kf4 58. Bd5 Bd3 59. Kf6 Be3 60. Ke6
Be2 61. Ne5 b3 62. Nc4 Bc5 63. Nb2 Ke3 64. a6 Kf2 1/2-1/2

[Event "Moscow Open A 2015"]
[Site "Moscow RUS"]
[Date "2015.02.04"]
[Round "5.55"]
[White "Pourramezanali, Amirreza"]
[Black "Savitskiy, Sergey"]
[Result "1/2-1/2"]
[WhiteTitle "IM"]
[BlackTitle "FM"]
[WhiteElo "2432"]
[BlackElo "2325"]
[WhiteFideId "12511412"]
[BlackFideId "24105660"]
[EventDate "2015.01.31"]

1. e4 c5 2. c3 Nf6 3. e5 Nd5 4. Nf3 Nc6 5. Bc4 e6 6. d4 cxd4 7. cxd4 d6 8. O-O
dxe5 9. dxe5 Be7 10. Qe2 O-O 11. a3 Qc7 12. Qe4 Rd8 13. Re1 b6 14. Nbd2 Bb7 15.
Qg4 Bf8 16. Ba2 Rac8 17. h4 Kh8 18. Ng5 f5 19. exf6 Nxf6 20. Qh3 Nd4 21. Bxe6
Nxe6 22. Nxe6 Re8 23. Nf1 Qd7 24. Bf4 h6 25. Rad1 Bd5 26. Nxf8 Qxh3 27. gxh3
Rxf8 28. Be5 Ba8 29. Ne3 Kh7 30. Nf5 Nd5 31. Ne3 Nxe3 32. Rxe3 Bf3 33. Rde1 Rc6
34. Bg3 Rf7 35. Rc3 Rxc3 36. bxc3 b5 37. Re6 a5 38. Be5 a4 39. Rb6 Be2 40. f4
Bc4 41. Kf2 Rd7 42. h5 Rf7 43. Ke3 Rd7 44. h4 Bd3 45. Bd4 Bc4 46. f5 Rf7 47. f6
g6 48. hxg6+ Kxg6 49. Kf4 Kh5 50. Rc6 Kxh4 51. Rc5 Be2 52. Bf2+ Kh3 53. Kf5 Rh7
54. Rd5 Bc4 55. Rd4 Kg2 56. Rxc4 bxc4 57. Kg6 Rh8 58. Bd4 h5 59. f7 Rf8 60. Bc5
Rxf7 61. Kxf7 Kf3 62. Ke6 Ke4 63. Be7 Kd3 64. Bf6 h4 65. Kd5 h3 66. Be5 h2 67.
Bxh2 Kxc3 68. Bf4 Kb2 69. Bc1+ Kxc1 70. Kxc4 Kc2 1/2-1/2

[Event "Moscow Open A 2015"]
[Site "Moscow RUS"]
[Date "2015.02.04"]
[Round "5.56"]
[White "Manakova, Maria"]
[Black "Seliverstov, Vladimir"]
[Result "1/2-1/2"]
[WhiteTitle "WGM"]
[BlackTitle "FM"]
[WhiteElo "2318"]
[BlackElo "2432"]
[WhiteFideId "927007"]
[BlackFideId "4192036"]
[EventDate "2015.01.31"]

1. e4 c5 2. Nf3 Nc6 3. Bb5 d6 4. Bxc6+ bxc6 5. e5 dxe5 6. Nxe5 Qd5 7. Nf3 Qe4+
8. Kf1 Nf6 9. d3 Qg4 10. Nc3 Qh5 11. b3 Bg4 12. h3 Nd5 13. Ne4 Bxf3 14. Qxf3
Qxf3 15. gxf3 Nb4 16. Be3 Nxc2 17. Rc1 Nb4 18. Ke2 e6 19. Nxc5 Be7 20. Rc4 Nd5
21. Rhc1 Bxc5 22. Rxc5 Kd7 23. Rxc6 a5 24. Bd2 Rhb8 25. R6c4 a4 26. b4 Rb5 27.
a3 Ra7 28. Be3 Rab7 29. Bc5 g6 30. Kd2 h5 31. Rg1 Rb8 32. Rgc1 R8b7 33. Rg1 Rb8
34. Rgc1 R8b7 1/2-1/2

[Event "Moscow Open A 2015"]
[Site "Moscow RUS"]
[Date "2015.02.04"]
[Round "5.57"]
[White "Rozhkov, Viacheslav"]
[Black "Kopylov, Alexander A."]
[Result "0-1"]
[WhiteTitle "FM"]
[BlackTitle "IM"]
[WhiteElo "2314"]
[BlackElo "2420"]
[WhiteFideId "4181484"]
[BlackFideId "4164857"]
[EventDate "2015.01.31"]

1. e4 e5 2. Nf3 Nc6 3. Nc3 Nf6 4. d4 exd4 5. Nxd4 Nxe4 6. Nxe4 Qe7 7. f3 d5 8.
Bb5 Bd7 9. Bxc6 bxc6 10. O-O dxe4 11. Re1 f5 12. fxe4 fxe4 13. Bf4 O-O-O 14. Qe2
Qf6 15. Be3 Bc5 16. Nb3 Bxe3+ 17. Qxe3 Kb8 18. a4 Rhe8 19. a5 Bc8 20. Ra4 Qxb2
21. Nd4 Rd6 22. Rc4 Bd7 23. c3 Ka8 24. Rb4 Qa2 25. Reb1 Qxa5 26. Nb3 Qa2 27. Ra1
Qxa1+ 28. Nxa1 Rd1+ 29. Kf2 Rf8+ 30. Kg3 Rd3 31. Rxe4 Rxe3+ 32. Rxe3 Re8 33. Rf3
Be6 34. Nc2 Bd5 35. Rd3 Re2 36. Ne3 Be4 37. Rd8+ Kb7 38. Kf4 Bxg2 39. Rd7 g5+
40. Kg3 Rxe3+ 41. Kxg2 Rxc3 42. Rxh7 a5 43. Rh5 Rc5 44. h4 Rc2+ 0-1

[Event "Moscow Open A 2015"]
[Site "Moscow RUS"]
[Date "2015.02.04"]
[Round "5.58"]
[White "Korchmar, Vasiliy"]
[Black "Popov, Kirill"]
[Result "1-0"]
[WhiteTitle "FM"]
[BlackTitle "FM"]
[WhiteElo "2405"]
[BlackElo "2313"]
[WhiteFideId "24131750"]
[BlackFideId "24157457"]
[EventDate "2015.01.31"]

1. d4 Nf6 2. c4 g6 3. Nc3 Bg7 4. e4 d6 5. h3 O-O 6. Nf3 e5 7. d5 a5 8. g4 Na6 9.
Be3 Nd7 10. a3 f5 11. gxf5 gxf5 12. exf5 Nf6 13. Bd3 e4 14. Nxe4 Nxe4 15. Bxe4
Nc5 16. Bc2 Bxf5 17. Bxf5 Rxf5 18. Nd4 Rf7 19. Qc2 Qd7 20. O-O-O c6 21. Rhg1
cxd5 22. cxd5 Kh8 23. Kb1 b5 24. Rxg7 Rxg7 25. Nf5 Rg6 26. Qc3+ Kg8 27. Nh6+
Rxh6 28. Bxh6 Qf5+ 29. Ka2 Qg6 30. Qc1 Nd3 31. Qe3 Ne5 32. f3 Qf5 33. Rg1+ Ng6
34. Qe6+ Qf7 35. h4 1-0

[Event "Moscow Open A 2015"]
[Site "Moscow RUS"]
[Date "2015.02.04"]
[Round "5.59"]
[White "Sadykov, Ramil"]
[Black "Batyuk, Artem"]
[Result "0-1"]
[WhiteTitle "FM"]
[WhiteElo "2403"]
[BlackElo "2306"]
[WhiteFideId "24113590"]
[BlackFideId "34115088"]
[EventDate "2015.01.31"]

1. e4 c5 2. Nf3 d6 3. d4 cxd4 4. Nxd4 Nf6 5. Nc3 a6 6. Be3 e5 7. Nb3 Be6 8. f3
Be7 9. Qd2 O-O 10. O-O-O a5 11. Bb5 Na6 12. Qe2 Qc7 13. Qf2 Nb4 14. Bb6 Qc8 15.
a3 Bxb3 16. cxb3 d5 17. Kb1 d4 18. axb4 dxc3 19. bxa5 Bb4 20. bxc3 Bxa5 21. Bxa5
Rxa5 22. c4 Qc7 23. Kb2 Rc8 24. Qd2 Rca8 25. Ra1 Rxa1 26. Rxa1 Rxa1 27. Kxa1 h6
28. Kb2 Nh7 29. Qd7 Qb6 30. Qe8+ Nf8 31. Qxe5 Qf2+ 32. Ka3 Qxg2 33. Qc7 Qxf3 34.
Qxb7 Ne6 35. Qb8+ Kh7 36. Qe5 Qe3 0-1

[Event "Moscow Open A 2015"]
[Site "Moscow RUS"]
[Date "2015.02.04"]
[Round "5.60"]
[White "Rjabzev, Konstantin"]
[Black "Lugovskoy, Maxim"]
[Result "0-1"]
[WhiteTitle "IM"]
[BlackTitle "IM"]
[WhiteElo "2312"]
[BlackElo "2401"]
[WhiteFideId "4150015"]
[BlackFideId "24126454"]
[EventDate "2015.01.31"]

1. e4 e6 2. d4 d5 3. Nd2 Nf6 4. e5 Nfd7 5. c3 c5 6. f4 Qb6 7. Ndf3 Nc6 8. a3 Be7
9. b4 cxd4 10. cxd4 a6 11. Bb2 Qc7 12. Bd3 b5 13. Ne2 Nb6 14. Nd2 Nc4 15. Nxc4
bxc4 16. Bc2 Rb8 17. O-O a5 18. f5 axb4 19. axb4 Nxb4 20. Ba4+ Nc6 21. Ba3 Bxa3
22. Rxa3 exf5 23. Nf4 O-O 24. Nxd5 Qa7 25. Rf4 Nxe5 26. Qh5 Rb1+ 27. Kf2 Rb2+
28. Kf1 c3 29. Rxc3 Qa6+ 30. Ke1 Ng4 31. Ne7+ Kh8 32. Bd1 Qe6+ 33. Kf1 Ba6+ 0-1

[Event "Moscow Open A 2015"]
[Site "Moscow RUS"]
[Date "2015.02.04"]
[Round "5.61"]
[White "Mu, Ke"]
[Black "Oganisian, Roman"]
[Result "0-1"]
[BlackTitle "FM"]
[WhiteElo "2401"]
[BlackElo "2304"]
[WhiteFideId "8602778"]
[BlackFideId "4153006"]
[EventDate "2015.01.31"]

1. d4 Nf6 2. c4 c5 3. d5 a6 4. a4 d6 5. Nc3 Bf5 6. Nf3 h6 7. g3 g5 8. Bg2 Bg7 9.
O-O Nbd7 10. h4 g4 11. Ne1 Ne5 12. Qb3 Rb8 13. Bf4 Nh5 14. Bd2 Ng6 15. Ne4 Bd7
16. f4 f5 17. Nf2 b5 18. cxb5 axb5 19. a5 c4 20. Qe3 b4 21. Nc2 b3 22. Na3 Bxb2
23. Nxc4 Bxa1 24. Rxa1 Qc7 25. Nb2 Kf7 26. Rc1 Qb7 27. Nfd3 Rhc8 28. Ra1 Ra8 29.
Be1 Rc2 30. Ra3 Kf8 31. Kf1 Qb5 32. Qd4 Ra6 33. Ra4 e5 34. dxe6 Bxe6 35. Rb4 Qe8
36. e4 fxe4 37. Bxe4 Bf5 38. Qd5 Bxe4 39. Rxe4 Qc6 40. Qf5+ Kg7 41. Nb4 Rxa5 42.
Qe6 Qb5+ 43. N4d3 Ra1 44. Re3 Qc6 0-1

[Event "Moscow Open A 2015"]
[Site "Moscow RUS"]
[Date "2015.02.04"]
[Round "5.62"]
[White "Schekachikhin, Maksim"]
[Black "Tsydypov, Zhamsaran"]
[Result "0-1"]
[WhiteTitle "FM"]
[BlackTitle "FM"]
[WhiteElo "2306"]
[BlackElo "2398"]
[WhiteFideId "24177830"]
[BlackFideId "4108566"]
[EventDate "2015.01.31"]

1. e4 c6 2. d4 d5 3. Nc3 dxe4 4. Nxe4 Bf5 5. Ng3 Bg6 6. h4 h6 7. Nf3 Nd7 8. h5
Bh7 9. Bd3 Bxd3 10. Qxd3 e6 11. Bf4 Ngf6 12. O-O-O Be7 13. Kb1 O-O 14. Ne4 Nxe4
15. Qxe4 Nf6 16. Qe2 Qd5 17. Ne5 Qe4 18. Qxe4 Nxe4 19. Rhe1 Nf6 20. g4 Rad8 21.
c3 Nd5 22. Bd2 c5 23. dxc5 Bxc5 24. Nd3 Bb6 25. f3 f5 26. c4 Nf6 27. Nf4 fxg4
28. fxg4 Rxd2 29. Rxd2 Ba5 30. Kc2 Rc8 31. b3 b5 32. Ng6 Kf7 33. Ne5+ Ke8 34.
Ree2 Bxd2 35. Kxd2 bxc4 36. bxc4 Rd8+ 37. Kc3 Rd1 38. Kb4 Rg1 39. a4 Ke7 40. c5
Nd5+ 41. Ka5 Rc1 42. c6 Nc7 43. Kb4 Kd6 44. g5 hxg5 45. Nf7+ Ke7 46. Nxg5 Nd5+
47. Kb3 Rxc6 0-1

[Event "Moscow Open A 2015"]
[Site "Moscow RUS"]
[Date "2015.02.04"]
[Round "5.63"]
[White "Sysoev, Vjacheslav"]
[Black "Meribanov, Vitaly"]
[Result "0-1"]
[WhiteTitle "FM"]
[BlackTitle "IM"]
[WhiteElo "2306"]
[BlackElo "2390"]
[WhiteFideId "4198689"]
[BlackFideId "13504363"]
[EventDate "2015.01.31"]

1. e4 c5 2. Nc3 Nc6 3. g3 g6 4. Bg2 Bg7 5. d3 e6 6. Be3 d6 7. Qd2 a6 8. Nge2 Nd4
9. O-O Ne7 10. Rae1 O-O 11. Nd1 Nxe2+ 12. Rxe2 Nc6 13. c3 e5 14. Bh6 f5 15. Bxg7
Kxg7 16. f4 fxe4 17. dxe4 Bg4 18. Ref2 Bxd1 19. Rxd1 exf4 20. gxf4 Qh4 21. Qe3
Rad8 22. Qg3 Qe7 23. h4 Rf6 24. h5 Rdf8 25. Rd5 Qf7 26. Rg5 Qxa2 27. e5 Nxe5 28.
fxe5 Qb1+ 29. Kh2 Rxf2 30. exd6 Qe4 31. d7 Rxg2+ 32. Qxg2 Qxg2+ 33. Kxg2 Rd8 34.
hxg6 hxg6 35. Rd5 Kf6 36. Rd6+ Ke5 37. Rxg6 Rxd7 38. Kf3 Kd5 39. Ke3 Kc4 40. Rb6
a5 41. Ke4 Re7+ 42. Kf5 a4 43. Kf6 Rh7 44. Ke5 a3 45. bxa3 Kxc3 46. Kd5 c4 47.
Rb4 Kd3 48. Kc5 c3 49. Rd4+ Ke3 0-1

[Event "Moscow Open A 2015"]
[Site "Moscow RUS"]
[Date "2015.02.04"]
[Round "5.64"]
[White "Geivondian, Arman"]
[Black "Triapishko, Olexandr"]
[Result "0-1"]
[WhiteElo "2304"]
[BlackElo "2379"]
[WhiteFideId "24102032"]
[BlackFideId "14122286"]
[EventDate "2015.01.31"]

1. d4 Nf6 2. Nf3 g6 3. Bg5 Bg7 4. Nbd2 d5 5. c3 O-O 6. b4 Bg4 7. h3 Bxf3 8. gxf3
Nh5 9. e3 f6 10. Bh4 Qe8 11. Qb3 c6 12. c4 Qf7 13. Rc1 g5 14. Bg3 e6 15. Bh2 f5
16. Rg1 h6 17. h4 Bf6 18. hxg5 hxg5 19. Bd6 Rd8 20. c5 b5 21. f4 g4 22. a4 a6
23. Nf3 Nd7 24. Qc3 Nf8 25. Ne5 Bxe5 26. dxe5 Ra7 27. Kd2 Rdd7 28. Ra1 Qe8 29.
Be2 Rg7 30. Rh1 Rh7 31. Qa3 g3 32. Bxh5 Rxh5 33. axb5 cxb5 34. fxg3 Rah7 35. Rh4
Rxh4 36. gxh4 Qg6 37. Re1 Rxh4 38. Re2 Rh1 39. Qa2 Qg1 40. Kd3 Qc1 41. Rd2 Ng6
42. Kd4 Nh4 0-1